000 00669nam a2200169 a 4500
001 000040922
005 20201002034459.0
008 130911s1941 mx 000 0 spa d
040 _aDO-SdBNP
_bspa
_cBNPHU
100 1 _aDecorme, Gerard
_967351
245 1 3 _aLa obra de los jesuitas méxicanos durante la época colonial 1572-1767 :
_b(compendio histórico) /
_cGerard Decorme.
260 _aMéxico :
_bAntigua Librería Robredo de José Porrua e Hijos,
_c1941.
300 _a518 p. :
_bil., rets. ;
_c24 cm.
504 _aBibliografía : p. 499 -507
505 _av. 1
_tFundaciones y obras
500 _aIncluye referencias bibliográficas y notas al pie de las páginas
999 _c40412
_d40412